000 00275 a2200121 4500
999 _c322037
_d322037
001 86964
003 NUST
005 20180124100731.0
008 180124b xxu||||| |||| 00| 0 eng d
082 _a891.4397 MUS
100 _aMushtaq Ahmed Yousfi
_99664
245 _aA`ab e Gum
_hUrdu
260 _aJehangir Books
_c2012
300 _a364p
942 _aCAE NUST
_cBK
_k891.4397 MUS
_2ddc